Non-commutative localization in algebra and topology
Αποθηκεύτηκε σε:
| Άλλοι συγγραφείς: | |
|---|---|
| Μορφή: | Βιβλίο |
| Γλώσσα: | English |
| Δημοσίευση: |
Cambridge, UK ; New York :
Cambridge University Press,
2006.
|
| Σειρά: | London Mathematical Society lecture note series ;
330 |
| Θέματα: | |
| Ετικέτες: |
Προσθήκη ετικέτας
Δεν υπάρχουν, Καταχωρήστε ετικέτα πρώτοι!
|
MARC
| LEADER | 00000cam a2200000 i 4500 | ||
|---|---|---|---|
| 001 | 1/30275 | ||
| 008 | 130527s2006####enk| ||| |||| ||eng|| | ||
| 020 | |a 052168160X | ||
| 035 | |l 10114529 | ||
| 040 | |a GR-MY-UA |b gre |e aacr | ||
| 041 | 0 | |a eng | |
| 082 | 0 | |a 512.46 |2 (22) | |
| 245 | 1 | 0 | |a Non-commutative localization in algebra and topology / |c edited by Andrew Ranicki. |
| 260 | |a Cambridge, UK ; |a New York : |b Cambridge University Press, |c 2006. | ||
| 300 | |a xiii, 313 σ. : |b εικ. ; |c 23 εκ. | ||
| 490 | 1 | |a (London Mathematical Society lecture note series |v ; 330) | |
| 500 | |a Proceedings of a workshop held at the International Centre for the Mathematical Sciences in Edimburgh on April 29 and 30, 2002. | ||
| 504 | |a Περιέχει βιβλιογραφικές αναφορές και ευρετήριο. | ||
| 650 | 0 | 0 | |a Noncommutative algebras |x Congresses. |
| 650 | 0 | 0 | |a Localization theory |x Congresses. |
| 650 | 0 | 0 | |a Topology |x Congresses. |
| 700 | 1 | |a Ranicki, Andrew, |d 1948-2018, |e edt | |
| 830 | 0 | |a London Mathematical Society lecture note series ; |v 330 | |
| 852 | |a INST |b SAMOS |e 20130527 |h 512.46 NON |p 005300040102 |q 005300040102 |t BK |y 0 | ||
| 901 | |a BIBL3-2013-2 | ||
| 909 | |a Σ |b 178311 | ||
| 922 | |a 3ΕΛΗ |b 201212 |c ΤΜΗΜΑ ΜΑΘΗΜΑΤΙΚΩΝ/ΜΕΤΑΠΤΥΧΙΑΚΟ |d ΔΙΑΔΡΟΜΕΣ/ΔΡΕΣ | ||
| 970 | |a ΚΟΣΙΕΡΗΣ |b ΧΡΗΣΤΟΣ |z 27-05-2013 | ||